父親的腦 : (Record no. 7639)
[ view plain ]
| 000 -LEADER | |
|---|---|
| fixed length control field | 01146cam a2200337 i 4500 |
| 001 - CONTROL NUMBER | |
| control field | .b2947470x |
| 003 - CONTROL NUMBER IDENTIFIER | |
| control field | YEEZEN |
| 005 - DATE AND TIME OF LATEST TRANSACTION | |
| control field | 20250617151907.0 |
| 008 - FIXED-LENGTH DATA ELEMENTS--GENERAL INFORMATION | |
| fixed length control field | 250217s2024 ch a e 000 0dchi d |
| 020 ## - INTERNATIONAL STANDARD BOOK NUMBER | |
| International Standard Book Number | 9786264170789 |
| Qualifying information | (平裝) : |
| Terms of availability | 新臺幣420元 |
| 040 ## - CATALOGING SOURCE | |
| Original cataloging agency | TCPL |
| Language of cataloging | chi |
| Transcribing agency | TCPL |
| Modifying agency | TCPL |
| -- | TWFJU |
| Description conventions | ccr |
| 041 1# - LANGUAGE CODE | |
| Language code of text/sound track or separate title | chi |
| Language code of original | eng |
| 042 ## - AUTHENTICATION CODE | |
| Authentication code | nbic |
| 090 ## - LOCALLY ASSIGNED LC-TYPE CALL NUMBER (OCLC); LOCAL CALL NUMBER (RLIN) | |
| Classification number (OCLC) (R) ; Classification number, CALL (RLIN) (NR) | 415.9341 |
| 100 1# - MAIN ENTRY--PERSONAL NAME | |
| Personal name | 裘哈爾 |
| Titles and words associated with a name | (Jauhar, Sandeep, 1968-) |
| 240 10 - UNIFORM TITLE | |
| Uniform title | My father's brain. |
| Language of a work | 中文 |
| 245 10 - TITLE STATEMENT | |
| Title | 父親的腦 : |
| Remainder of title | 阿茲海默症陰影下的生活 / |
| Statement of responsibility, etc. | 桑狄普.裘哈爾(Sandeep Jauhar)著 ; 涂瑋瑛譯 |
| 246 3# - VARYING FORM OF TITLE | |
| Title proper/short title | 阿茲海默症陰影下的生活 |
| 250 ## - EDITION STATEMENT | |
| Edition statement | 第一版 |
| 260 ## - PUBLICATION, DISTRIBUTION, ETC. | |
| Place of publication, distribution, etc. | 臺北市 : |
| Name of publisher, distributor, etc. | 遠見天下文化, |
| Date of publication, distribution, etc. | 2024.12 |
| 300 ## - PHYSICAL DESCRIPTION | |
| Extent | 303面 : |
| Other physical details | 圖 ; |
| Dimensions | 21公分 |
| 490 1# - SERIES STATEMENT | |
| Series statement | 健康生活 = |
| -- | Good Health ; |
| Volume/sequential designation | 213. |
| 500 ## - GENERAL NOTE | |
| General note | 譯自: My father's brain : life in the shadow of Alzheimer's. |
| 600 17 - SUBJECT ADDED ENTRY--PERSONAL NAME | |
| Personal name | 裘哈爾 |
| Titles and other words associated with a name | (Jauhar, Prem P.) |
| Source of heading or term | lcstt. |
| 650 #7 - SUBJECT ADDED ENTRY--TOPICAL TERM | |
| Topical term or geographic name entry element | 阿茲海默氏症 |
| Source of heading or term | lcstt. |
| 650 #7 - SUBJECT ADDED ENTRY--TOPICAL TERM | |
| Topical term or geographic name entry element | 通俗作品 |
| Source of heading or term | lcstt. |
| 700 1# - ADDED ENTRY--PERSONAL NAME | |
| Personal name | Jauhar, Sandeep, |
| Dates associated with a name | 1968- |
| 700 1# - ADDED ENTRY--PERSONAL NAME | |
| Personal name | 涂, 瑋瑛 |
| 830 #0 - SERIES ADDED ENTRY--UNIFORM TITLE | |
| Uniform title | 健康生活 ; |
| Volume/sequential designation | 213. |
| 942 ## - ADDED ENTRY ELEMENTS (KOHA) | |
| Source of classification or shelving scheme | 中文圖書分類法 |
| Koha item type | 一般圖書 |
| 撤銷狀態 | 遺失狀態 | 分類號來源 | 損壞狀態 | 不外借 | 永久館藏地 | 現在館藏地 | 書架位置 | 採購日期 | 全部借出 | 全部續借 | 完整索書號 | 條碼號 | 最後一次日期記錄 | Date last checked out | 一般價格有效日期 | Koha館藏類型 | 公開資訊 |
|---|---|---|---|---|---|---|---|---|---|---|---|---|---|---|---|---|---|
| 未註銷館藏 | 未遺失 | 中文圖書分類法 | 未損毀 | 可外借 | 怡仁綜合醫院圖書館 | 怡仁綜合醫院圖書館 | 2025-06-17 | 3 | 2 | 415.9341 | C03225 | 2025-10-16 | 2025-10-15 | 2025-06-17 | 一般圖書 | 裘哈爾的母親也罹患帕金森氏症;阿茲海默症消蝕了父親的心智,帕金森氏症則是摧殘了母親的肉體。裘哈爾與兄妹三人,成為雙親的居家照顧者。裘哈爾描寫了自己從醫師、轉變為病人家屬的心路歷程,也探討照顧者該如何在自己的職涯、家庭、手足、財務等方面,求取平衡之道。 |